| 000 | 00730nam a2200205 i 4500 | ||
|---|---|---|---|
| 001 | 157076 | ||
| 003 | ES-MaACL | ||
| 005 | 20231226145008.0 | ||
| 008 | 940202s1843 sp |||| | spa d | ||
| 080 | _a821.134.2-82"18" | ||
| 100 | 1 |
_aLarra, Mariano José de, _d1809-1837 _970287 |
|
| 245 | 1 | 0 | _aObras completas de Fígaro (Don Mariano José de Larra). |
| 260 |
_aMadrid : _b[s.n.], _c1843 ( _fImp. de Yenes) |
||
| 300 |
_a4 v. ; _c20 cm. |
||
| 594 | _aEditor obtenido de Palau: Manuel Delgado. | ||
| 597 | _aT. I ( VIII, 371 p.) -- T. II (384 p.) -- T. III (354 p.) -- T. IV( XXXIV, 504 p.) | ||
| 597 | _aAntep. | ||
| 852 |
_aES-MaACL _jD-658-61 _z-- Enc. pasta española y enc. hol. |
||
| 999 |
_c157076 _d157076 |
||